| 000 | 00764nam a22002297a 4500 | ||
|---|---|---|---|
| 999 |
_c15369 _d15369 |
||
| 003 | AR-CdUCM | ||
| 008 | 190426b ||||| |||| 00| 0 spa d | ||
| 020 | _a978-607-16-2630-1 | ||
| 040 |
_aMUNICIPALIDAD PROVINCIAL DEL CUSCO _cBIBLIOTECA MUNICIPAL DEL CUSCO |
||
| 082 |
_aPI / 808.06 / _bY33 |
||
| 100 |
_aYcaza, Roger _933587 |
||
| 245 | _aLos días raros / | ||
| 260 |
_aMéxico : _bFondo de cultura económica, _c2015. |
||
| 300 |
_a40 paginas ; _bIlustraciones, _c29 cm. |
||
| 440 |
_aColección los especiales a la orilla del viento _934338 |
||
| 650 |
_aLiteratura infantil _9588 |
||
| 650 |
_aLos días _934416 |
||
| 650 |
_aTexto de aventura _934344 |
||
| 700 |
_aHeredia, Maria Fernanda _934417 |
||
| 942 |
_2ddc _cLIBROS |
||
| 945 |
_awnts _d2019-04-26 |
||